000 00852cab a2200277 4500
001 WB2743-36
008 090401t1991 xxu||||| |||| 00| 0 eng d
035 _a(Sirsi) u34217
041 _aeng
245 _aProposal for more ESAs
260 _c1991
350 _a0
490 _aTimes
_v1 November 1991, 6(1)
490 _aIndependent
_v7 November 1991, 4(1)
520 _aEnglish Nature and the Countryside Commission have submitted proposals to the Government to protect land from intensive farming by creating more environmentally sensitive areas.
650 _aAUTUMN STATEMENT
650 _aCOUNTRYSIDE COMMISSION
650 _aENGLISH NATURE
650 _aENVIRONMENTALLY SENSITIVE AREAS
650 _aESAS
650 _aSET-ASIDE
690 _aCONSERVATION
690 _aRURAL PRACTICE
942 _n0
948 _c04/03/1997
999 _c22692
_d22692